Catálogo - Centro de Recursos para el Aprendizaje y la Investigación
Volver al Sitio - CRAI Biblioteca| 000 -CABECERA | |
|---|---|
| campo de control de longitud fija | 01909nam a2200301 4500 |
| 001 - NÚMERO DE CONTROL | |
| campo de control | 114316 |
| 003 - IDENTIFICADOR DEL NÚMERO DE CONTROL | |
| campo de control | DR-UNIBE |
| 005 - FECHA Y HORA DE LA ÚLTIMA TRANSACCIÓN | |
| campo de control | 20260122115035.0 |
| 008 - DATOS DE LONGITUD FIJA--INFORMACIÓN GENERAL | |
| campo de control de longitud fija | 260122b2009 dr ||||| |||| 00| 0 spa d |
| 020 ## - NÚMERO INTERNACIONAL ESTÁNDAR DEL LIBRO | |
| Número Internacional Estándar del Libro | 9789945427516 |
| 040 ## - FUENTE DE LA CATALOGACIÓN | |
| Centro catalogador/agencia de origen | BIBLIOTECA UNIBE |
| Lengua de catalogación | spa |
| Centro/agencia transcriptor | BIBLIOTECA UNIBE |
| Normas de descripción | rda |
| 041 ## - CÓDIGO DE LENGUA | |
| Código de lengua del texto/banda sonora o título independiente | spa |
| 082 ## - NÚMERO DE LA CLASIFICACIÓN DECIMAL DEWEY | |
| Número de edición | RD 867.44 R457v |
| 100 10 - ENTRADA PRINCIPAL--NOMBRE DE PERSONA | |
| Nombre de persona | Reyes, Víctor Manuel, |
| Fechas asociadas al nombre | 1960- |
| 9 (RLIN) | 201788 |
| Término indicativo de función/relación | autor |
| 245 10 - MENCIÓN DE TÍTULO | |
| Título | Vivo de la risa / |
| Mención de responsabilidad, etc. | Víctor Reyes |
| 250 ## - MENCIÓN DE EDICIÓN | |
| Mención de edición | Primera edición |
| 260 ## - PUBLICACIÓN, DISTRIBUCIÓN, ETC. | |
| Lugar de publicación, distribución, etc. | Santo Domingo : |
| Nombre del editor, distribuidor, etc. | Editora Ortega, |
| Fecha de publicación, distribución, etc. | 2009 |
| 300 ## - DESCRIPCIÓN FÍSICA | |
| Extensión | 157 páginas : |
| Dimensiones | 20 x 13 cm |
| 500 ## - NOTA GENERAL | |
| Nota general | Información del autor em las solapas, comentario de la misma en la contraportada |
| 505 ## - NOTA DE CONTENIDO CON FORMATO | |
| Nota de contenido con formato | Prólogo |<br/>Palabras del autor |<br/>Las fotos |<br/>Reflexiones |<br/>Curiosidades |<br/>Las bodas |<br/>Salpicones |<br/>Palabrerías |<br/>Cosas de autos |<br/>Pa´que te cure |<br/>Tv manía |<br/>La pelotica |<br/>El librero |<br/>Entrevista al señor Pergamino |<br/>La librería de Pergamino Concepción |<br/>Las mentiras |<br/>Dime en lo que andas y te diré quien eres |<br/>Frases celebres |<br/>Injusticias |<br/>Epitafios en los cementerios |<br/>Siempre que usted lápida |<br/>Los feos |<br/>Las navidades |<br/>Cosas que pueden pasar |<br/>Cosas que no podrían pasar |<br/>La pela |<br/>Abc-darío |<br/>El diccionario del abc-darío |<br/>Las frutas |<br/>Cosas de la televisión |<br/>Letreros, ujum, mejor dicho, grafitis |<br/>Los juguetes |<br/>Cosas que usted nunca va a ver |<br/>Cuando chiquito yo pensaba |<br/>Clases de idiomas |<br/>Los pobres y los ricos |
| 650 #7 - PUNTO DE ACCESO ADICIONAL DE MATERIA--TÉRMINO DE MATERIA | |
| Fuente del encabezamiento o término | lemb |
| Término de materia o nombre geográfico como elemento de entrada | Humorismo dominicano |
| 9 (RLIN) | 201800 |
| 700 10 - PUNTO DE ACCESO ADICIONAL--NOMBRE DE PERSONA | |
| Nombre de persona | Martí, Luisito, |
| Forma completa/desarrollada del nombre | (Martí Hernández Luis Bernardo ), |
| Fechas asociadas al nombre | 1945-2010 |
| 9 (RLIN) | 201789 |
| Término indicativo de función/relación | prologuista |
| 700 10 - PUNTO DE ACCESO ADICIONAL--NOMBRE DE PERSONA | |
| Nombre de persona | Honoret, Jorge Dinavit |
| 9 (RLIN) | 201794 |
| Término indicativo de función/relación | cuidado de la edición |
| 700 10 - PUNTO DE ACCESO ADICIONAL--NOMBRE DE PERSONA | |
| Nombre de persona | Alba, Luis |
| 9 (RLIN) | 201795 |
| Término indicativo de función/relación | idea de caricatura |
| 700 10 - PUNTO DE ACCESO ADICIONAL--NOMBRE DE PERSONA | |
| Nombre de persona | Hernández, Cristian |
| 9 (RLIN) | 56837 |
| Término indicativo de función/relación | caricaturista |
| 700 10 - PUNTO DE ACCESO ADICIONAL--NOMBRE DE PERSONA | |
| Nombre de persona | Santana, Amado, |
| Forma completa/desarrollada del nombre | (Santana Chalas, Amado Alexis) |
| 9 (RLIN) | 47845 |
| Término indicativo de función/relación | diseñador |
| 942 ## - ELEMENTOS DE PUNTO DE ACCESO ADICIONAL (KOHA) | |
| Fuente del sistema de clasificación o colocación | Sistema de Clasificación Decimal Dewey |
| Tipo de ítem Koha | Libro (general) |
| Estado de retiro | Estado de pérdida | Fuente del sistema de clasificación o colocación | No para préstamo | Código de colección | Localización permanente | Fecha de adquisición | Total de préstamos | Signatura topográfica completa | Código de barras | Fecha visto por última vez | Número de copia | Precio válido a partir de | Tipo de ítem Koha |
|---|---|---|---|---|---|---|---|---|---|---|---|---|---|
| Disponible | Sistema de Clasificación Decimal Dewey | General - Libros dominicanos | Biblioteca Central UNIBE | 12/11/2025 | RD 867.44 R457v | 260051 | 22/01/2026 | Ej. 1 | 22/01/2026 | Libro (general) |